Anuario del cuento costarricense
Uloženo v:
| Médium: | Kniha |
|---|---|
| Jazyk: | Undetermined |
| Vydáno: |
San José, Costa Rica
Editorial Costa Rica
1968
|
| Edice: | Serie La propia
|
| Témata: | |
| Tagy: |
Přidat tag
Žádné tagy, Buďte první, kdo vytvoří štítek k tomuto záznamu!
|
MARC
| LEADER | 00000nam a2200000Ia 4500 | ||
|---|---|---|---|
| 008 | 170316s9999 xx 000 0 und d | ||
| 040 | |a cru BVZT | ||
| 090 | |a 868 A-14a | ||
| 245 | |a Anuario del cuento costarricense | ||
| 260 | |a San José, Costa Rica |b Editorial Costa Rica |c 1968 | ||
| 300 | |a 208 páginas | ||
| 490 | |a Serie La propia | ||
| 650 | |a LITERATURA COSTARRICENSE |9 17 | ||
| 650 | |a HISTORIA CORTA |9 337 | ||
| 999 | |c 10653 |d 10653 | ||
| 942 | |c 15 D |h 868 A-14a |2 z | ||
